| 000 | 00393nam a2200169Ia 4500 | ||
|---|---|---|---|
| 008 | 210210b1907 xxu||||| |||| 00| 0 eng d | ||
| 041 | _aeng | ||
| 082 | _a822/868 | ||
| 100 | _aMOOREHEAD (A) | ||
| 245 | _aUtopia: Cotterill Ed | ||
| 260 |
_aLondon _bMacmillan & Co. Ltd. _c1907 |
||
| 650 | _aUtopia: | ||
| 650 | _aEd | ||
| 650 | _aCotterill | ||
| 690 | _aEnglish Prose | ||
| 906 | _a013052 | ||
| 999 |
_c131886 _d131886 |
||